Statistiken für RE 4 (Baden-Württemberg, RLP, Hessen)

Klicken Sie hier um das Quiz zu spielen!

Allgemein

  • Dieses Quiz wurde 7 mal gespielt
  • Das Durchschnittsergebnis liegt bei 11 aus 13

Antwortstatistiken

Antwort% Korrekt
Frankfurt Hbf
100%
Frankfurt-Höchst
100%
Mainz Hbf
100%
Frankenthal
86%
Germersheim
86%
Karlsruhe Hbf
86%
Ludwigshafen Hbf
86%
Schifferstadt
86%
Speyer Hbf
86%
Worms Hbf
86%
Graben-Neudorf
71%
Philippsburg (Baden)
71%
Hochheim (Main)
43%

Verteilung der Resultate

Perzentil nach korrekt beantworteten Fragen

Anzahl Personen mit jedem Resultat

Ihre Resultats-Entwicklung

Sie haben dieses Quiz noch nicht gespielt